000 00542nam a2200169 a 4500
005 20140412111242.0
008 020418s19uu xx 00 eng d
020 _a1-85758-369-8
050 _aTR(GS 428
_bK32 1996
100 _aLane, Shiela
245 _aBack to basics English :
_bfor 7-8 year olds, bk 2 /
_cShiela Lane and Marion Kemp.
260 _aLondon :
_bLetts Educational Ltd,
_c1996.
300 _a32 p. ; ill.
440 _aLetts English, age 7-8, key stage 2, bk. 2
650 _aEnglish
_xStudy and teaching
999 _c102799
_d102799